000 01267nam a2200241 a 4500
008 120416s1979 ||||||||||||||||| || u
020 _a007009991x
050 _aHF 5667 Car
100 _aCarmichael, Douglas R
245 1 0 _aPerspectives in Auditing
250 _a3rd ed.
260 _aNew York
_bMcGraw-Hill
_c1979
300 _aviii, 520p. : ill.
350 _a0.00
650 _aTEXTBOOKS
650 _aAUDITING--CONGRESSES
700 _aWillingham, John J
995 _aANNEX COLLECTION (Main Library)
_D0.00
_e710297
_FCBU-MAIN LIBRARY (Kitwe)
_H3
_I14.95
_jHF 5667 Car
_M1
_UAVAILABLE
_y007315
_ZAnnex Low-Usage Collection
995 _aANNEX COLLECTION (Main Library)
_D0.00
_e710298
_FCBU-MAIN LIBRARY (Kitwe)
_H1
_I14.95
_jHF 5667 Car
_M2
_UAVAILABLE
_y007316
_ZAnnex Low-Usage Collection
995 _aANNEX COLLECTION (Main Library)
_D0.00
_e706150
_FCBU-MAIN LIBRARY (Kitwe)
_H4
_I14.95
_jHF 5667 Car
_M4
_UAVAILABLE
_y020135
_ZAnnex Low-Usage Collection
995 _aTEXTBOOKS (SB)
_D0.00
_e8007
_FCBU-SCHOOL TEXTBOOK COLLECTIONS
_H1
_I0.00
_jSCHOOL TEXTBOOK
_M5
_UAVAILABLE
_WOct 7, 2009
_y8007
_ZSchool Collections
995 _aANNEX COLLECTION (Main Library)
_D0.00
_e710299
_FCBU-MAIN LIBRARY (Kitwe)
_H2
_I14.95
_jHF 5667 Car
_M3
_UAVAILABLE
_y007317
_ZAnnex Low-Usage Collection
999 _c81836
_d81836